000 00352nam a22001217a 4500
003 SGT
082 _a200
_bM20D
100 _aद्विवेदी, श्रीधर
245 _aमैं बनारस हूँ :निसमोपासना
260 _bश्रीधर प्रकाशन
_c2020
300 _a114
942 _2ddc
_cBK
999 _c31792
_d31792